Elephants and king's : (Record no. 147608)

MARC details
000 -LEADER
fixed length control field 00739nam a22002057a 4500
005 - DATE AND TIME OF LATEST TRANSACTION
control field 20171121155456.0
008 - FIXED-LENGTH DATA ELEMENTS--GENERAL INFORMATION
fixed length control field 171121b xxu||||| |||| 00| 0 eng d
010 ## - LCCN (DPL NO)
LC control number ENG-121514
020 ## - INTERNATIONAL STANDARD BOOK NUMBER
International Standard Book Number 9788178213917
Terms of availability 995.00
035 ## - SYSTEM CONTROL NUMBER
System control number EN-105046
037 ## - SOURCE OF ACQUISITION
Source of stock number/acquisition DBAD/PUB
082 ## - DEWEY DECIMAL CLASSIFICATION NUMBER
Classification number 335.424
100 ## - MAIN ENTRY--PERSONAL NAME
9 (RLIN) 29676
Personal name Trautmann,Thomas.R
245 ## - TITLE STATEMENT
Title Elephants and king's :
Statement of responsibility, etc by Thomas R. Trautmann
Remainder of title an environmental history /
260 ## - PUBLICATION, DISTRIBUTION, ETC. (IMPRINT)
Place of publication, distribution, etc Ranikhet
Name of publisher, distributor, etc Permanent Black
Date of publication, distribution, etc 2015
270 ## - ADDRESS
Address 'Himalayana', mall road, Ranikhet cantt,
City Ranikhet
Postal code 263645
300 ## - PHYSICAL DESCRIPTION
Extent xvi,374p.
Dimensions 23cm (Hb)
500 ## - GENERAL NOTE
General note includes bibliographical references and index
942 ## - ADDED ENTRY ELEMENTS (KOHA)
Source of classification or shelving scheme Dewey Decimal Classification
Item type English Books
Call number suffix TRA
Classification part 355.424
Holdings
Withdrawn status Lost status Source of classification or shelving scheme Damaged status Not for loan Collection code Home library Current library Date acquired Source of acquisition Cost, normal purchase price Total Checkouts Full call number Barcode Date last seen Copy number Cost, replacement price Koha item type
    Dewey Decimal Classification   Not For Loan Non-fiction D.B.Act.Division Bawana 21/11/2017 DBAD/PUB 995.00   355.424 TRA EN-105046 21/11/2017 1 995.00 English Books

© Delhi Public Library
Hit Counter
free hit counter